Stipe (Record no. 5831)

MARC details
000 -CABECERA
campo de control de longitud fija 00604nam a2200217 a 4500
001 - NÚMERO DE CONTROL
campo de control BRCA_6144
005 - FECHA Y HORA DE LA ÚLTIMA TRANSACCIÓN
campo de control 20190320205340.0
008 - DATOS DE LONGITUD FIJA--INFORMACIÓN GENERAL
campo de control de longitud fija 050711s1910----gw-c######---#000-0#ger-#
041 ## - CÓDIGO DE LENGUA
Código de lengua del texto/banda sonora o título independiente ger
044 ## - CÓDIGO DEL PAÍS DE LA ENTIDAD EDITORA/PRODUCTORA
Código MARC del país gw
050 #4 - SIGNATURA TOPOGRÁFICA DE LA BIBLIOTECA DEL CONGRESO
Número de clasificación PT2603 .I25
Número de documento/Ítem .S8 1910
100 1# - ENTRADA PRINCIPAL--NOMBRE DE PERSONA
Nombre de persona Bierbaum, Otto Julius
Fechas asociadas al nombre 1865-1910
9 (RLIN) 15491
245 10 - MENCIÓN DE TÍTULO
Título Stipe
Mención de responsabilidad, etc. Otto Julius Bierbaum; mit Bildnisse des Berfaffers von Felix Ballottan.
250 ## - MENCIÓN DE EDICIÓN
Mención de edición 8
260 ## - PUBLICACIÓN, DISTRIBUCIÓN, ETC.
Lugar de publicación, distribución, etc. Berlín
Nombre del editor, distribuidor, etc. Schuster & Loeffler
Fecha de publicación, distribución, etc. 1910
300 ## - DESCRIPCIÓN FÍSICA
Extensión 415 p.
Otras características físicas il., retratos
Dimensiones 18 cm.
500 ## - NOTA GENERAL
Nota general K34
650 14 - PUNTO DE ACCESO ADICIONAL DE MATERIA--TÉRMINO DE MATERIA
Término de materia o nombre geográfico como elemento de entrada Literatura Alemana
9 (RLIN) 6160
902 ## - CATALOGADOR
Iniciales GFM
942 ## - ELEMENTOS DE PUNTO DE ACCESO ADICIONAL (KOHA)
Fuente del sistema de clasificación o colocación Library of Congress Classification
Tipo de ítem Koha Libros
Holdings
Estado de retiro Estado de pérdida Estado dañado No para préstamo Localización permanente Ubicación/localización actual Fecha de adquisición Número de inventario Total de préstamos Signatura topográfica completa Código de barras Fecha visto por última vez Precio válido a partir de Tipo de ítem Koha
El ejemplar forma parte de la colección y puede ser consultado según las políticas vigentes.       Biblioteca del Museo Franz Mayer (Rogerio Casas-Alatriste) Biblioteca del Museo Franz Mayer (Rogerio Casas-Alatriste) 05/07/2011 K34   PT2603 .I25 .S8 1910 (K34) 6583 22/03/2019 22/03/2019 Libros